000 00644nam a2200241Ia 4500
003 OSt
005 20221007074743.0
006 a|||||r|||| 00| 0
007 ta
008 221006b |||||||| |||| 00| 0 eng d
024 _a10,299
037 _cTextual
040 _aFLL
_cFLL
_beng
041 _2eng
_aeng
082 _aZ,8624, P3
100 _aAiyer P.R. Au.
_9683017
245 0 _aCross examination
_b Principles and precedents
250 _a3rd
260 _aNagpur
_bWadhwa and company India
_c2003
300 _axci,898p
_ccm.
942 _hZ,8624, P3
_cTEXL
_2CC
999 _c1153555
_d1153555